000 00706nam a2200205 a 4500
001 000015404
005 20200929164031.0
008 100208s2001 dr a 001 0 spa d
040 _aDO-SdBNP
_bspa
_cBNPHU
082 _axxx
_bM385r
100 1 _aMartínez Gil, Leoncio
_934789
245 1 3 _aLa Rosario Dominicana su pasado, presente y futuro /
_cLeoncio Martínez Gil ; edición Sócrates Suazo Ruiz.
260 _aSanto Domingo :
_bLas Fuerzas Armadas Dominicanas,
_c2001.
300 _a122 p. :
_bil. ;
_c22 cm.
490 1 _aPensamiento militar
504 _aIncluye bibliografía [p.119-120]
700 1 _aSuazo Ruiz, Sócrates
_eed.
_910239
830 0 _aPensamiento militar
_96989
049 _aBNPD
999 _c14963
_d14963